000 00462nam a22001697a 4500
003 NUST - PNEC
005 20170116180831.0
008 150731b xxu||||| |||| 00| 0 eng d
020 _a-
040 _cLIBRARY
082 _a519.5 HAK
100 _94613
_aHakeem, Hamid Abdul
245 _aIntroductory ststistics for economics and management
_cHamid Abdul Hakeem
260 _cc.1986
650 _94615
_aEconomics Statistical methods
_xMIS
942 _2ddc
_cBK
999 _c64016
_d64016